[Event "Catalunya-chT Gp1 Title"]
[Site "Barcelona"]
[Date "2025.03.08"]
[Round "3.9"]
[White "Dorca Dilme, Ramon"]
[Black "Garcia Garcia, Manuel"]
[Result "1-0"]
[WhiteElo "1996"]
[BlackElo "1882"]
[PlyCount "75"]
[EventDate "2025.02.22"]
[EventType "team-k.o."]
[EventRounds "4"]
[EventCountry "ESP"]
[SourceTitle "CB14_2025"]
[SourceDate "2024.11.01"]
[SourceVersion "1"]
[SourceVersionDate "2024.11.01"]
[SourceQuality "1"]
[WhiteTeam "Olot"]
[BlackTeam "Mollet"]
[WhiteTeamCountry "ESP"]
[BlackTeamCountry "ESP"]

1. e4 e5 2. Nf3 Nc6 3. Nc3 Be7 4. g3 Nf6 5. Bg2 0-0 6. 0-0 d6 7. d4 Bg4 8. d5 Nd4 9. Be3 Nxf3+ 10. Bxf3 Bh3 11. Bg2 Qd7 12. Qe2 a6 13. a4 Bxg2 14. Kxg2 c6 15. Qd3 c5 16. h3 b5 17. f3 c4 18. Qd2 b4 19. Ne2 a5 20. g4 Rfc8 21. c3 Qb7 22. Ng3 b3 23. g5 Nd7 24. h4 Bd8 25. Nf5 Ra6 26. Qe2 g6 27. Nh6+ Kg7 28. f4 f6 29. f5 Be7 30. Qg4 Rf8 31. fxg6 hxg6 32. Nf5+ Kf7 33. Nxe7 Kxe7 34. gxf6+ Kd8 35. f7 Kc7 36. Qe6 Kc8 37. Bh6 Rd8 38. f8Q 1-0

[Event "Catalunya-chT Gp1"]
[Site "Barcelona"]
[Date "2025.01.25"]
[Round "2.9"]
[White "Mateu Guiu, Esteve"]
[Black "Garcia Garcia, Manuel"]
[Result "1-0"]
[WhiteElo "2087"]
[BlackElo "1869"]
[PlyCount "79"]
[EventDate "2025.01.18"]
[EventType "team-tourn"]
[EventRounds "5"]
[EventCountry "ESP"]
[SourceTitle "CB07_2025"]
[SourceDate "2025.02.12"]
[SourceVersion "1"]
[SourceVersionDate "2025.02.12"]
[SourceQuality "1"]
[WhiteTeam "Geva CEA"]
[BlackTeam "Mollet"]
[WhiteTeamCountry "ESP"]
[BlackTeamCountry "ESP"]

1. Nf3 Nf6 2. c4 e6 3. d4 Bb4+ 4. Nbd2 0-0 5. a3 Be7 6. e4 d6 7. Bd3 Nc6 8. Nb1 a5 9. Nc3 e5 10. d5 Nb8 11. h3 Nbd7 12. Bc2 Re8 13. Be3 c6 14. b4 Qc7 15. Bb3 cxd5 16. exd5 Nb6 17. Nb5 Qd8 18. 0-0 axb4 19. axb4 Rxa1 20. Qxa1 Bd7 21. Nc3 Nc8 22. Qb2 h6 23. Rc1 Nh5 24. c5 Bf8 25. Na4 Qf6 26. Nh2 Nf4 27. Bxf4 Qxf4 28. c6 bxc6 29. dxc6 Be6 30. Bxe6 Rxe6 31. Nc3 Nb6 32. c7 Nc8 33. Nd5 Qe4 34. Rd1 Re8 35. b5 Ne7 36. Nxe7+ Bxe7 37. b6 Qb7 38. Ra1 d5 39. Qb5 Rf8 40. Ra7 1-0

[Event "Catalunya-chT Gp1"]
[Site "Barcelona"]
[Date "2025.01.18"]
[Round "1.9"]
[White "Diaz Comas, Jordi"]
[Black "Garcia Garcia, Manuel"]
[Result "0-1"]
[WhiteElo "1949"]
[BlackElo "1869"]
[PlyCount "100"]
[EventDate "2025.01.18"]
[EventType "team-tourn"]
[EventRounds "5"]
[EventCountry "ESP"]
[SourceTitle "CB07_2025"]
[SourceDate "2025.02.12"]
[SourceVersion "1"]
[SourceVersionDate "2025.02.12"]
[SourceQuality "1"]
[WhiteTeam "Platja D'Aro"]
[BlackTeam "Mollet"]
[WhiteTeamCountry "ESP"]
[BlackTeamCountry "ESP"]

1. e4 e5 2. Bc4 Nf6 3. d3 Bc5 4. Nc3 c6 5. Nf3 d6 6. a3 a5 7. Bg5 b5 8. Ba2 Be6 9. d4 exd4 10. Nxd4 Bxa2 11. Rxa2 h6 12. Be3 Bxd4 13. Bxd4 0-0 14. 0-0 Nbd7 15. Qf3 Qe7 16. Re1 b4 17. Nb1 d5 18. Nd2 Rae8 19. Qg3 dxe4 20. f3 Nh5 21. Qc7 Qg5 22. Be3 Qd5 23. Raa1 exf3 24. Nxf3 Rxe3 25. Rxe3 Qc5 26. Rae1 Re8 27. axb4 axb4 28. Kf2 Ndf6 29. h3 Rxe3 30. Rxe3 Qxe3+ 31. Kxe3 Nd5+ 32. Kd4 Nxc7 33. Kc5 Nf4 34. Kxc6 Nce6 35. Ne1 Kf8 36. Kb5 Nd5 37. Kc4 Nec7 38. c3 bxc3 39. bxc3 Ke7 40. Kd4 Kd6 41. c4 Ne6+ 42. Ke4 Nf6+ 43. Kf5 Nd4+ 44. Kf4 Nd7 45. Nd3 Nb3 46. h4 Na5 47. c5+ Nxc5 48. Ne5 Ke6 49. g4 g5+ 50. hxg5 hxg5+ 0-1